000 01444nam a22003137a 4500
003 OSt
005 20260106095340.0
007 a
008 260106b |||||||| |||| 00| 0 eng d
020 _a9789712392535
040 _aFoundation University
_beng
_cFoundation University
_erda
050 _aK 2110.A48
_b.2018 R85
110 _aRBSI editors
_913703
245 0 0 _aRules of court for criminology students /
_ccompiled and edited by RBSI editors.
260 _aManila, Philippines :
_bRex Book Store,
_c2018.
264 _42018.
300 _3rules of court
_aviii, 489 pages
_b;
_c25 cm.
_fbook
336 _2rdacontent
_atext
_btxt
337 _2rdamedia
_aunmediated
_bun
338 _2rdacarrier
_3main rules
_avolume
_bvol.
504 _aIncludes appendix of forms
505 _aPart I : The 1997 rules of civil procedure -- Part II : Special proceedings -- Part III : The revised rules of criminal procedure -- Part IV : Revised rules on evidence -- Part V : Legal ethics.
650 _2LC
_aTerms of court
_zPhilippines.
_913704
650 _2LC
_aCourt rules
_913705
650 _2LC
_aJudgments
_913706
658 _aCriminology, Bachelor of Science in :
_bCriminal Procedure and Court Testimony ;
_cCLJ312
856 _uhttps://drive.google.com/file/d/1QfHoxR-4PADrPnd7lHECOa3eginZy6rw/view?usp=share_link
_yClick here to view the table of contents
942 _2lcc
_cBK
_hK 2110.A48
_i.2018 R85
_k(CoC-Crim.-Fi)
_n0
999 _c5355
_d5355